Applied software risk management : (Record no. 1690)

MARC details
000 -LEADER
fixed length control field 00676nam a2200193 ar4500
001 - CONTROL NUMBER
control field 1692
005 - DATE AND TIME OF LATEST TRANSACTION
control field 20221127090251.0
008 - FIXED-LENGTH DATA ELEMENTS--GENERAL INFORMATION
fixed length control field 100124s xxua 00110 eng d
020 ## - INTERNATIONAL STANDARD BOOK NUMBER
International Standard Book Number 0849305241(hpb) :
Terms of availability SR333.00
082 04 - DEWEY DECIMAL CLASSIFICATION NUMBER
Classification number 005.10684
Item number P192 2007
100 1# - MAIN ENTRY--PERSONAL NAME
Personal name Pandian C. Ravindranath.
245 10 - TITLE STATEMENT
Title Applied software risk management :
Remainder of title a guide for software project management /
Statement of responsibility, etc. C. Pandian.
260 ## - PUBLICATION, DISTRIBUTION, ETC.
Place of publication, distribution, etc. Boca Raton, Fl. ;
-- New York :
Name of publisher, distributor, etc. Auerbach Publications,
Date of publication, distribution, etc. 2007.
300 ## - PHYSICAL DESCRIPTION
Extent xiii, 244 p. :
Other physical details ill. ;
Dimensions 24 cm.
504 ## - BIBLIOGRAPHY, ETC. NOTE
Bibliography, etc. note Includes bibl. references and index.
650 #4 - SUBJECT ADDED ENTRY--TOPICAL TERM
Topical term or geographic name entry element Software engineering.
650 #4 - SUBJECT ADDED ENTRY--TOPICAL TERM
Topical term or geographic name entry element Computer software
General subdivision Management.
650 #4 - SUBJECT ADDED ENTRY--TOPICAL TERM
Topical term or geographic name entry element Risk management.
Holdings
Withdrawn status Lost status Source of classification or shelving scheme Damaged status Not for loan Home library Current library Date acquired Total Checkouts Full call number Barcode Date last seen Copy number Price effective from Koha item type
              11/27/2022   005.10684 P192 2007 1000000006419 11/27/2022 C2 11/27/2022 Book
          CENTRAL CENTRAL 11/27/2022   005.10684 P192 2007 1000000005962 11/27/2022 C1 11/27/2022 Book